00209nam a2200085Ia 4500008004100000100002100041245002200062260002400084999001500108170524s9999 xx 000 0 und d aMISHRA- RAJENDRA 0a MEDIA ANUSANDHAN bN DELHI TAKSHSHILA c9271d9271